कालचक्र : उत्तर कथा / (Record no. 118492)

MARC details
000 -LEADER
fixed length control field 01171nam a22002537a 4500
005 - DATE AND TIME OF LATEST TRANSACTION
control field 20170124103115.0
010 ## - LIBRARY OF CONGRESS CONTROL NUMBER
LC control number B-066077
020 ## - INTERNATIONAL STANDARD BOOK NUMBER
Terms of availability 200.00
International Standard Book Number 8173153841
035 ## - SYSTEM CONTROL NUMBER
System control number B-066077
037 ## - SOURCE OF ACQUISITION
Source of stock number/acquisition Cen Lib/Ret
040 ## - CATALOGING SOURCE
Original cataloging agency DPL
Language of cataloging HN
082 ## - DEWEY DECIMAL CLASSIFICATION NUMBER
Classification number 306.0954
Item number चौधरी
100 ## - MAIN ENTRY--PERSONAL NAME
Personal name चौधरी, वीरेंद्रकुमार सिंह
9 (RLIN) 80462
245 ## - TITLE STATEMENT
Title कालचक्र : उत्तर कथा /
Statement of responsibility, etc वीरेंद्रकुमार सिंह चौधरी
246 ## - VARYING FORM OF TITLE
Title proper/short title Kaalchakr : uttar katha /
Remainder of title by Veerendrakumar Singh Chaudhari
260 ## - PUBLICATION, DISTRIBUTION, ETC. (IMPRINT)
Place of publication, distribution, etc नई दिल्ली
Name of publisher, distributor, etc प्रभात प्रकाशन
Date of publication, distribution, etc 2002
270 ## - ADDRESS
City नई दिल्ली
Postal code 110002
Address 4/19, आसफ अली रोड
300 ## - PHYSICAL DESCRIPTION
Extent 181पृ.
Dimensions 20सेमी(सजिल्द)
650 ## - SUBJECT ADDED ENTRY--TOPICAL TERM
Topical term or geographic name as entry element यूरोप में पुनर्जागरण
9 (RLIN) 45207
650 ## - SUBJECT ADDED ENTRY--TOPICAL TERM
Topical term or geographic name as entry element विज्ञान एवं मानविकी -- शेत्र
9 (RLIN) 80463
650 ## - SUBJECT ADDED ENTRY--TOPICAL TERM
Topical term or geographic name as entry element Renaissance in Europe
9 (RLIN) 80464
650 ## - SUBJECT ADDED ENTRY--TOPICAL TERM
Topical term or geographic name as entry element Science and Humanities - sector
9 (RLIN) 80465
942 ## - ADDED ENTRY ELEMENTS (KOHA)
Source of classification or shelving scheme Dewey Decimal Classification
Koha item type Hindi Books
Classification part 306.0954
Call number suffix चौधरी
Holdings
Withdrawn status Lost status Damaged status Not for loan Home library Current library Date acquired Source of acquisition Cost, normal purchase price Total Checkouts Full call number Barcode Date last seen Copy number Cost, replacement price Price effective from Koha item type
        Central Library Central Library 11/09/2015 Cen Lib/Ret 200.00   306.0954 चौधरी B-066077 11/09/2015 1 200.00 11/09/2015 Hindi Books

© Delhi Public Library
Hit Counter
free hit counter